Paroles - Il suffirait de presque rien - Serge Reggiani - Statistiques

Statistiques générales
  • Ce quiz a été pris 108 fois
  • Le résultat moyen est 204 sur 237
Statistiques - réponses
Paroles % Correct
à
100%
A
100%
aime".
100%
années
100%
au
100%
C'
100%
comme
100%
d'
100%
de
100%
dise
100%
Et
100%
et
100%
être
100%
Il
100%
il
100%
J'
100%
j'
100%
je
100%
"Je
100%
Je
100%
l'
100%
la
100%
le
100%
main
100%
moi
100%
moins,
100%
moins
100%
Peut-
100%
peut-
100%
Pour
100%
presque
100%
que
100%
Que
100%
rien,
100%
suffirait
100%
t'
100%
T'
100%
te
100%
dix
98%
est
98%
par
98%
un
98%
emmener
96%
les
96%
prenne
96%
qui
96%
Qui
96%
sa
96%
hiver".
94%
autre
92%
comment
92%
"Elle
92%
Elle
92%
en
92%
encore
92%
lui
92%
plaire
92%
café-
90%
café
90%
crème
90%
jolie,
90%
printemps,
90%
nous
88%
Toi
88%
toi
88%
déjà
86%
Germain,
86%
Germain
86%
Ne
86%
ne
86%
Saint-
86%
entends
84%
tu
84%
vie
84%
bon
82%
Mais
82%
offrir
82%
quoi
82%
si
82%
bien,
80%
commentaires,
80%
pas
80%
avais
78%
emmènera
78%
faire
78%
demain,
76%
ta
76%
ans,
75%
du
75%
Du
75%
air ?
73%
aurions-
73%
Prendre
73%
sais
73%
vingt
71%
regarde-
69%
jeunesse.
67%
sois
67%
son
67%
vois
67%
y
67%
séparent.
65%
suffisait
65%
ton
65%
tour
65%
allons
63%
Allons
63%
cinéma,
63%
comédie
63%
premier
63%
veux
63%
amant
61%
couvrirais
61%
dernier
61%
jouer
61%
même
61%
piste.
61%
promesses.
61%
Tout
61%
triste.
61%
côté
59%
personne
59%
rides
59%
train
59%
vieil
59%
comprends,
57%
pourquoi
57%
repasse
57%
Vraiment
57%
clown
55%
croire.
55%
Fillette
55%
Pourtant
55%
rajeunit,
55%
stupide
55%
voilà
53%
semblant
51%
sourire,
51%
ferait
49%
chavire,
45%
Imagine
43%
eau
39%
tourne
35%
Aucun quiz correspondant
Distribution des résultats
% des personnes avec chaque résultat
Percentile par nombre de réponses
Votre historique - résultats
Vous n’avez pas pris ce quiz